000 00306nam a22001337a 4500
008 170609b xxu||||| |||| 00| 0 eng d
020 _a08226303056
041 _aeng
080 _a327
100 _a19
101 _aSHP
245 _aPOLLUTION AND INTERNATIONAL BOUNDARIES
_cUTTON, A.E
942 _2udc
_cBK
999 _c16786
_d16786